00675 a2200181 4500003000500000005001700005040000900022082001200031100002900043245005500072260003300127300001200160505013900172650002100311942002100332999001900353952012100372NUST20230131155548.0 cNust a942,BAL aBaldwin, Stanley9108301 aOn England and Other Addresses /cStanley Baldwin aEnglandbPenguin Booksc1926 a230: p. aOn England and the West (Page-11), On Peace in Industry (Page-33), On Political Life (Page-71), On Literature and the Arts (PAge-107). a England9108302 2ddccBKk942,BAL c187279d187279 00102ddc4070aMCSbMCScGENd2016-12-12o942,BALpMCS29086r2016-12-08w2016-12-12yBKzAlmirah No.60, Shelf No.5